000
00332 a2200109 4500
001
ART_8901
005
20260410161845.0
008
260409a
245
1
0
_a
La economía y la economía política
100
1
_a
Robbins, Lionel
773
0
_t
El trimestre económico
_g
- Vol. XLIX, Nº 193 (ene./mar. 1982)
_w
REV6933
999
_c
24463
_d
24463